Statistics for Football quiz

Click here to take the quiz!

General Stats

  • This quiz has been taken 23 times
  • The average score is 4 of 9

Answer Stats

Answer% Correct
Messi
100%
Ronaldo
100%
Stadium
71%
Injury/foul
67%
Referee
52%
Offside
24%
Crowd
5%
Field
5%
Football match
0%

Score Distribution

Percentile by Number Answered

Percent of People with Each Score

Your Score History

You have not taken this quiz